| 000 | 01155nam a22002417a 4500 | ||
|---|---|---|---|
| 003 | Uzh_bibl | ||
| 008 | 240306b |||||||| |||| 00| 0 ukr d | ||
| 020 |
_a978-966-10-3005-2 _c110.00 |
||
| 040 | _bукр. | ||
| 041 |
_2ukr _aukr |
||
| 080 | _a821(477) | ||
| 090 |
_a821(477) _bЛ 48 |
||
| 100 | _aЛепкий,Богдан | ||
| 245 |
_aКазки _cхудож.Н.Собкович _hТекст |
||
| 260 |
_aТернопіль _bБогдан _c2012 |
||
| 300 |
_a96 с. _bіл. _fВ опр. |
||
| 520 | _aВ основі кожної казки лежить захоплююча розповідь про вигадані події і явища, які сприймаються і переживаються наче реальні. Вони мають пізнавальне, морально-етичне, соціально-виховне, розважальне та естетичне значення. | ||
| 521 | _aДля молодшого шкільного віку | ||
| 546 | _aукр. | ||
| 650 | _aЛітературно-художне видання | ||
| 655 |
_aДитяча література _vказки |
||
| 942 |
_2udc _cBK |
||
| 999 |
_c9062 _d9062 |
||